Man Ray: 1890-1976
Guardat en:
| Autor principal: | |
|---|---|
| Altres autors: | , , |
| Format: | Llibre |
| Publicat: |
Köln, Germany:
Taschen,
2008.
|
| Matèries: | |
| Etiquetes: |
Afegir etiqueta
Sense etiquetes, Sigues el primer a etiquetar aquest registre!
|
MARC
| LEADER | 00000nam a22000007a 4500 | ||
|---|---|---|---|
| 003 | CL-VaPUC | ||
| 005 | 20250321101931.0 | ||
| 008 | 250122t2008 ||||| |||| 00| 0 eng d | ||
| 999 | |c 446760 |d 446758 | ||
| 020 | |a 978-3-8365-0936-7 | ||
| 040 | |c Pontificia Universidad Católica de Valparaíso | ||
| 082 | 7 | |2 23 |a 779.092 RAY 2008 | |
| 100 | |a Ray, Man |9 570671 |q (Radnitzky, Emmanuel) |e author | ||
| 245 | |a Man Ray: |b 1890-1976 | ||
| 260 | |a Köln, Germany: |b Taschen, |c 2008. | ||
| 300 | |a 189 páginas : |b ilustraciones. | ||
| 500 | |a c.1. Instituto Arcos 8-1-2025. | ||
| 583 | |c 20250122 |k GC | ||
| 650 | |a Arte visual |9 347964 | ||
| 650 | |a Dadaísmo |9 265495 | ||
| 700 | |a L'Ecotais, Emmanuelle de |e ensayos |9 895761 | ||
| 700 | |a Breton, André |e artículo |9 268387 | ||
| 700 | |a Heiting, Manfred |e editor |9 895762 | ||
| 942 | |2 ddc |c BK |n 0 | ||
| 952 | |0 0 |1 0 |2 ddc |4 0 |6 779_092000000000000_RAY_2008 |7 0 |8 A |9 599792 |a BIBINC |b BIBINC |d 2025-01-22 |e Instituto Arcos |i 5664746 |l 2 |o 779.092 RAY 2008 |p 5664746 |r 2025-04-17 |s 2025-04-17 |t 1 |w 2025-01-22 |y BK |k IFP | ||